XI inicial de River Plate - Década 2010 - Estadísticas

Estadísticas generales
  • Esta prueba ha sido intentada 179 veces
  • La puntuación promedio es 35 de 56
Estadísticas de respuestas
Player % Correcto
Franco Armani
95%
Marcelo Barovero
93%
David Trezeguet
92%
Gonzalo Martínez
91%
Jonatan Maidana
91%
Leonardo Ponzio
90%
Rafael Santos Borré
88%
Carlos Sánchez
87%
Enzo Pérez
86%
Lucas Pratto
85%
Ramiro Funes Mori
85%
Rogelio Funes Mori
85%
Gonzalo Montiel
84%
Milton Casco
84%
Ignacio Fernández
83%
Javier Pinola
82%
Rodrigo Mora
81%
Gabriel Mercado
80%
Camilo Mayada
79%
Fernando Cavenaghi
79%
Lucas Martínez Quarta
79%
Teófilo Gutiérrez
79%
Ariel Rojas
76%
Juan Pablo Carrizo
75%
Eder Álvarez Balanta
74%
Augusto Batalla
73%
Ignacio Scocco
73%
Leonel Vangioni
73%
Lucas Alario
72%
Sebastián Driussi
64%
Erik Lamela
63%
Jorge Moreira
62%
Marcelo Saracchi
62%
Matías Kranevitter
62%
Alejandro Domínguez
56%
Carlos Carbonero
56%
Leonardo Pisculichi
53%
Iván Alonso
49%
Leandro Chichizola
49%
Manuel Lanzini
48%
Lucas Ocampos
47%
Mariano Pavone
47%
Juan Díaz
44%
Matías Almeyda
40%
Paulo Ferrari
31%
Leandro González Pírez
28%
Carlos Arano
26%
Bruno Zuculini
25%
Luciano Abecasis
25%
Martín Aguirre
25%
Jonathan Bottinelli
23%
Diego Buonanotte
21%
Alexis Ferrero
18%
Walter Acevedo
17%
Nicolás Domingo
14%
Ezequiel Cirigiliano
5%
No se encontraron pruebas coincidentes
Distribución de puntuación
Porcentaje de gente con cada puntuación
Porcentaje por número respondido
Historial de tus puntuaciones
No has intentado esta prueba.